1385 1166 1903 1992 1366 1593 1006 1966 1686 1747 1828 1201 1622 1186 1312 1379 1761 1079 1878 1050 1565 1796 1168 1699 1732 1354 1571 1084 1822 1445 1209 1831 1371 1634 1981 1494 1327 1117 1049 1349 1260 1340 1258 1025 1695 1213 1295 1874 1954 1916 1191 1479 1699 1013 1411 1529 1065 1503 1293 1405 1999 1892 1663 1962 1273 1550 1287 1983 1626 1735 1359 1709 1132 1750 1741 1414 1773 1033 1070 1051 1873 1808 1631 1146 1787 1294 1144 1571 1214 1703 1474 1694 1422 1681 1724 1836 1334 1756 1433 BCNSPRNW ULIB Ver.6.0+V

เปลี่ยนเป็นภาษาไทย

Change to English
 แสดงรายละเอียดบรรณานุกรม
  กลับหน้าหลัก

Brief Record : Get Marc (ISO 2709) : E-mail record : QR code < ปิดหน้าต่าง
LEADER : 00000nam a2200000Ia 4500
001    13399114495
003     ULIB
008    960108c19859999us a ss 0 eng d
020    ^a9781574393194
060 04 ^aQV38^bD794
245 00 ^aDrug :^bfacts and comparisons 2011
246 10 ^aDrug facts and comparisons
260    ^aSt. Louis :^bFacts and Comparisons,^c2003-<2010>
300    ^a 3633pp ;^c28 cm. +^e1 computer optical disc
310    ^aAnnual
362 0  ^a2003-<2010>
500    ^aeditors vary
500    ^aDescription based on 1985
650  2 ^aPharmaceutical Preparations^xCatalogs
650  2 ^aCatalogs, Drug
650  2 ^aDrugs^vhandbooks
710 2  ^aFacts and Comparisions Division
740 02 ^aDrug facts and comparisons 1981-<2012>
995    ^a Kesorn
999 ^a ใช้งานได้ทุกระบบ
รายการนี้ยังไม่มีแท็ก
คุณยังไม่ได้ล็อกอิน คุณสามารถมีกิจกรรมร่วมกับเว็บไซต์ได้ แต่ต้องล็อกอินก่อน ::
  ล็อกอิน

รายการสื่อสารสนเทศ

ลำดับที่ ประเภท เลขเรียก/บาร์โค้ด สถานที่ สถานะ
- ไม่พบข้อมูล -

BibComment


ยังไม่เคยถูกคอมเมนท์

คอมเมนท์ทรัพยากรรายการนี้
  คอมเมนท์: Drug facts and ..


 Copyright 2026. Bcnsprnw @Library